[Event "45th FIDE Chess Olympiad Open"]
[Site "Budapest, Hungary"]
[Date "2024.09.13"]
[Round "3.77"]
[White "Koumba, Mounguen Jose Evrar"]
[Black "Mahamat Hachim Bachar"]
[Result "1/2-1/2"]
[WhiteElo "1957"]
[BlackElo "1872"]
[PlyCount "138"]
[EventDate "2024.??.??"]
[WhiteTeam "Gabon"]
[BlackTeam "Chad"]
[WhiteTeamCountry "GAB"]
[BlackTeamCountry "CHD"]
[WhiteClock "0:17:14"]
[BlackClock "1:01:56"]

1. e4 e6 2. d4 d5 3. Nc3 Bb4 4. e5 c5 5. a3 Bxc3+ 6. bxc3 c4 7. a4 ({RR} 7. h4 Ne7 8. h5 f5 9. exf6 gxf6 10. Nf3 Nbc6 11. Bf4 Qa5 12. Qd2 Bd7 13. g3 O-O-O 14. Bh3 Rde8 15. O-O Nd8 16. Rfe1 Nec6 17. Re2 Nf7 18. Qe1 Ncd8 19. Nh4 Rhg8 20. Ng2 Ng5 21. Bxg5 Rxg5 {Kiolbasa,O (2244)-Luba,L (2130) Suwalki 2019 ½-½ (44)}) 7... Ne7 ({RR} 7... a5 8. Ba3 Ne7 9. h4 Nbc6 10. h5 h6 11. g4 O-O 12. g5 hxg5 13. h6 g6 14. Qg4 Kh7 15. Nf3 f5 16. Nxg5+ Kh8 17. Qf4 Qd7 18. Be2 Nd8 19. Kd2 Nf7 20. h7 Nxg5 21. Qxg5 Rf7 22. Rag1 {Bacher,O (1923)-Jost,C (1165) Playchess.com INT 2020 1-0}) 8. Ne2 $146 ({RR} 8. Nf3 h6 9. Be2 Qa5 10. O-O Bd7 11. Qd2 Bxa4 12. Ba3 Nbc6 13. Rfb1 b5 14. Nh4 g5 15. Nf3 Kd7 16. h3 Rag8 17. Nh2 h5 18. g4 hxg4 19. Bxg4 Nf5 20. Nf3 Nh6 21. Nh2 Nxg4 22. Nxg4 Rg7 {Duys,P-Piersma,J Haarlem 1986 1-0 (32)}) ({RR} 8. h4 Bd7 9. Ba3 Nec6 10. Qg4 g6 11. h5 Qa5 12. Ne2 Qxa4 13. hxg6 fxg6 14. Qf3 Ne7 15. Qf6 {1-0 (15) Wenner,H (1732)-Balduan,K (1544) Bergisch Gladbach 1995}) ({RR} 8. Ba3 Nd7 9. g3 f6 10. Bh3 fxe5 11. Bxe6 Nf6 12. Bxc8 Rxc8 13. dxe5 Ne4 14. Ne2 O-O 15. f4 Re8 16. Bxe7 Rxe7 17. Qd4 b6 18. O-O Rc5 19. Rfd1 Qd7 20. Qe3 Nd6 21. Nd4 Nf5 22. Qf3 Nxd4 {Buchholz,K (1817)-Peters,W (1545) Bad Griesbach 1999 1-0 (35)}) 8... O-O 9. Ng3 f5 10. Be2 g6 11. Bf4 Qa5 12. Qd2 Bd7 13. h4 h5 14. Bh6 Rf7 15. O-O Kh7 16. Nxh5 Ng8 17. Nf6+ Rxf6 18. exf6 Nxh6 19. h5 Qd8 20. Qg5 Qg8 21. f3 gxh5 22. Qxh5 Qg6 23. Qh4 Nc6 24. Kf2 Rf8 25. Rh1 Qxf6 26. Qf4 e5 27. dxe5 Nxe5 28. Rh2 Qb6+ 29. Kf1 Nef7 30. g4 fxg4 31. fxg4 Qd6 32. Qxd6 Nxd6+ 33. Ke1 Kg6 34. Rh5 Re8 35. Rxd5 Nhf7 36. Kf2 Bc6 37. Rd4 Ne4+ 38. Kg1 Ne5 39. Rf1 Ng3 40. Rd6+ Kg5 41. Rf2 Rh8 42. Rxc6 Rh1+ 43. Kg2 Nxc6 44. Kxg3 Rg1+ 45. Kh2 Ra1 46. Rf5+ Kg6 47. Bxc4 Rxa4 48. Rc5 Ra3 49. g5 a5 50. Bd3+ Kg7 51. Rd5 Rxc3 52. Rd7+ Kf8 53. g6 Ne5 54. Rxb7 Nxd3 55. cxd3 Rxd3 56. Ra7 Ra3 57. g7+ Kg8 58. Kg2 a4 59. Kf2 Ra1 60. Kf3 a3 61. Kg2 Ra2+ 62. Kg3 Kh7 63. Kh3 Ra1 64. Kg2 Kg8 65. Kh2 Ra2+ 66. Kg3 Kh7 67. Kh3 Ra1 68. Kg2 a2 69. Kh2 Kg8 1/2-1/2

[Event "45th FIDE Chess Olympiad Open"]
[Site "Budapest, Hungary"]
[Date "2024.09.13"]
[Round "3.78"]
[White "Abdelaziz Bokhit, Badjoiri"]
[Black "Bongo Akanga Ndjila, Barthelemy"]
[Result "0-1"]
[WhiteElo "1778"]
[BlackElo "1894"]
[PlyCount "86"]
[EventDate "2024.??.??"]
[WhiteTeam "Chad"]
[BlackTeam "Gabon"]
[WhiteTeamCountry "CHD"]
[BlackTeamCountry "GAB"]
[WhiteClock "0:15:59"]
[BlackClock "1:22:16"]

1. e4 e6 2. d4 d5 3. Nd2 Nf6 4. e5 Nfd7 5. Bd3 c5 6. c3 Nc6 7. Ne2 cxd4 8. cxd4 Qb6 9. Nb3 ({RR} 9. O-O f6 10. Nf4 Nxd4 11. Qh5+ Ke7 12. Ng6+ hxg6 13. exf6+ Nxf6 14. Qxh8 Kf7 15. Nf3 Nxf3+ 16. gxf3 e5 17. Qh4 Bf5 18. Bxf5 gxf5 19. Bg5 d4 20. Rac1 Be7 21. Rfe1 Qd6 22. Bxf6 Bxf6 23. Qg3 Rd8 {Marin Ferragut,P (1968)-Mueller,R (2109) Palma de Mallorca 2021 1-0 (43)}) 9... a5 10. Be3 ({RR} 10. a4 Bb4+ 11. Kf1 Nf8 12. Be3 Bd7 13. Nc3 Be7 14. Nb5 Nb4 15. Be2 Ng6 16. g3 O-O 17. Kg2 f6 18. h4 Bc6 19. exf6 Bxf6 20. Kh2 Ne7 21. Bg4 Nf5 22. Nc5 Nxe3 23. fxe3 e5 24. Ne6 Rf7 {Rajlich,I (2345)-Hoang,T (2465) Budapest 2001 0-1 (41)}) 10... a4 11. Nd2 Qxb2 $146 ({RR} 11... f6 12. f4 fxe5 13. fxe5 Ncxe5 14. Bb1 Ng4 15. Bg5 Be7 16. Bxe7 Kxe7 17. Nf1 Qxb2 18. h3 Qb4+ 19. Qd2 Qxd2+ 20. Nxd2 Ne3 21. Kf2 Nf5 22. Nf3 Nf6 23. Nf4 Nd6 24. Re1 Nfe4+ 25. Ke3 Bd7 26. Bd3 {Gutscher,C-Freiburghaus,E Pizol 1998}) 12. O-O Qb6 13. Rb1 Qd8 14. Bb5 Nb6 15. f4 Be7 16. Qc2 Bd7 17. Nf3 Nb4 18. Bxd7+ Qxd7 19. Qb2 Nc4 20. Qc3 Nxa2 21. Qd3 Nb4 22. Rxb4 Bxb4 23. Rb1 Be7 24. Nc3 a3 25. Na2 b5 26. Bd2 O-O 27. Ng5 Bxg5 28. fxg5 Nxd2 29. Qxd2 Rfc8 30. h4 Rc4 31. h5 Qa7 32. Rd1 Rac8 33. Nb4 Qa4 34. Rf1 Qxb4 35. Qf4 Qe7 36. Kh2 b4 37. Qg4 Qc7 38. Rf4 a2 39. g6 a1=Q 40. gxh7+ Kxh7 41. h6 f5 42. exf6 Qxd4 43. Qxg7+ Qxg7 0-1

[Event "45th FIDE Chess Olympiad Open"]
[Site "Budapest, Hungary"]
[Date "2024.09.13"]
[Round "3.82"]
[White "Meier, Peter"]
[Black "Heim, Colin Peter"]
[Result "1-0"]
[WhiteElo "2062"]
[BlackElo "1751"]
[PlyCount "67"]
[EventDate "2024.??.??"]
[WhiteTeam "Seychelles"]
[BlackTeam "US Virgin Islands"]
[WhiteTeamCountry "SEY"]
[WhiteClock "0:59:29"]
[BlackClock "0:45:53"]

1. d4 {ChessBase II} Nf6 2. Nf3 d5 3. c4 e6 4. g3 Bb4+ 5. Bd2 Bxd2+ 6. Qxd2 h6 $146 ({RR} 6... Ne4 7. Qc2 O-O 8. Bg2 Nd7 9. O-O c6 10. Nc3 f5 11. Ne5 Nxe5 12. dxe5 Nxc3 13. Qxc3 f4 14. Rad1 Qb6 15. gxf4 Rxf4 16. e4 dxe4 17. Rd4 Qc7 18. Rfd1 Rf8 19. Rd6 Qe7 20. Qg3 c5 21. Bxe4 {Podhorzer,D-Kolnhofer,J Vienna 1933 EXT 2001 [ChessBase II] 0-1 (59)}) ({RR} 6... c6 7. Bg2 Nbd7 8. O-O b6 9. Rc1 O-O 10. Ne5 Bb7 11. cxd5 cxd5 12. Nc3 a6 13. Nxd7 Qxd7 14. e3 {½-½ (14) Dominguez Perez,L (2726)-Bruzon Batista,L (2693) Havana 2011}) ({RR} 6... Nbd7 7. Qc2 c6 8. Nbd2 Qe7 9. Bg2 {½-½ (9) Woellermann,J (2232)-Gerland,F (2151) Verden 2015}) ({RR} 6... c6 7. b3 Ne4 8. Qc1 Nd7 9. Bg2 f5 10. O-O O-O 11. Nbd2 Ndf6 12. e3 Bd7 13. Ne5 Nxd2 14. Qxd2 Be8 15. f3 Nd7 16. Nxd7 Qxd7 17. Qc3 Rf6 18. e4 fxe4 19. fxe4 Rxf1+ {½-½ (19) Carlin,G-Keane,M Hastings 1982}) ({RR} 6... Nbd7 7. Bg2 c6 8. Na3 Ne4 9. Qd3 Qa5+ 10. Nd2 Nxd2 11. Qxd2 Qxd2+ 12. Kxd2 Ke7 13. Rhd1 Nf6 14. Rac1 Bd7 15. Rc3 b5 16. cxb5 cxb5 17. Rc5 Rhc8 18. Rdc1 b4 19. Nc2 a5 20. Ne1 Rxc5 21. Rxc5 {Karpov,A (2715)-Andersson,U (2605) Brussels 1988 ½-½ (62)}) 7. Bg2 Ne4 8. Qc2 Qe7 9. O-O O-O 10. Rc1 Nc6 11. a3 b6 12. cxd5 Nxd4 13. Nxd4 exd5 14. Nc3 Nxc3 15. bxc3 Bb7 16. Nf5 Qf6 17. c4 c6 18. cxd5 cxd5 19. Qd3 a5 20. Nd4 Ba6 21. Qd2 Bc4 22. Rab1 Rab8 23. a4 Rfe8 24. e3 Qg6 25. Nb5 Re7 26. Nc3 Rd8 27. Qd4 Rd6 28. e4 Qe6 29. exd5 Bxd5 30. Nxd5 Red7 31. Rc8+ Kh7 32. Qe4+ Qxe4 33. Bxe4+ g6 34. Nxb6 1-0

[Event "45th FIDE Chess Olympiad Open"]
[Site "Budapest, Hungary"]
[Date "2024.09.13"]
[Round "3.83"]
[White "Hair, Justin M"]
[Black "Pillay, Ragul"]
[Result "1-0"]
[WhiteElo "1725"]
[BlackElo "1633"]
[PlyCount "73"]
[EventDate "2024.??.??"]
[WhiteTeam "US Virgin Islands"]
[BlackTeam "Seychelles"]
[BlackTeamCountry "SEY"]
[WhiteClock "0:28:59"]
[BlackClock "0:03:36"]

1. Nf3 d5 2. g3 Nf6 3. Bg2 c6 4. d3 g6 5. Nbd2 Bg7 6. O-O O-O 7. Rb1 Nbd7 ({RR} 7... a5 8. c4 Na6 9. b3 b5 10. Bb2 Bb7 11. Rc1 Nd7 12. Bxg7 Kxg7 13. Qc2 Qb6 14. Qb2+ Kg8 15. Bh3 e6 16. Bg2 b4 17. h4 Qd8 18. d4 f5 19. e3 Qf6 20. Ne5 {½-½ (20) Castano,D (2362)-Rojas Barrero,A (2262) Pereira 2011}) ({RR} 7... Re8 8. b4 e5 9. c4 Bf5 10. Nh4 Be6 11. Qc2 Nbd7 12. Bb2 Qe7 13. e4 Rac8 14. Nhf3 d4 15. Ng5 c5 16. Nxe6 Qxe6 17. b5 Nh5 18. Rbe1 Kh8 19. Bc1 a6 20. a4 axb5 21. axb5 Ra8 22. f4 {Zaim,M (1999)-Hamley,R (2089) Chess.com INT 2020 0-1 (39)}) 8. e4 dxe4 9. Nxe4 $146 ({RR} 9. dxe4 Qc7 10. e5 Nxe5 11. Nxe5 Qxe5 12. Re1 Qc7 13. Qe2 Re8 14. Nc4 Be6 15. Bf4 Qc8 16. Rbd1 h6 17. Ne5 Kh7 18. h4 Bf8 19. Bf3 h5 20. Bh1 Bh6 21. Bxh6 Kxh6 22. Qe3+ Kg7 23. Qc3 Qc7 {Mujica Flores,M-Veloso,P (2040) Novi Sad 1990 ½-½ (90)}) 9... Nxe4 10. dxe4 Nc5 11. Qe2 Be6 12. b3 Qc8 13. Ng5 Bg4 14. Qe3 Na6 15. h3 Bd7 16. Kh2 Bh6 17. Qe2 Bg7 18. Bb2 Bxb2 19. Rxb2 h6 20. Nf3 Rd8 21. Qe3 Kh7 22. Ne5 Be6 23. f4 Qc7 24. c4 Nb4 25. Qc3 Na6 26. f5 gxf5 27. exf5 Bd7 28. Nxf7 Rf8 29. Ne5 Bxf5 30. Rbf2 e6 31. g4 Qg7 32. gxf5 Nc5 33. f6 Qg5 34. Ng4 Rad8 35. Qc2+ Kh8 36. f7 Rd3 37. b4 1-0

[Event "45th FIDE Chess Olympiad Open"]
[Site "Budapest, Hungary"]
[Date "2024.09.13"]
[Round "3.84"]
[White "Pillay, Harish"]
[Black "Smith, Michael"]
[Result "1/2-1/2"]
[WhiteElo "1561"]
[BlackElo "1718"]
[PlyCount "84"]
[EventDate "2024.??.??"]
[WhiteTeam "Seychelles"]
[BlackTeam "US Virgin Islands"]
[WhiteTeamCountry "SEY"]
[WhiteClock "0:39:01"]
[BlackClock "0:28:18"]

1. e4 e5 2. Nf3 Nc6 3. Bb5 a6 4. Ba4 Nf6 5. O-O Nxe4 6. d4 exd4 7. Re1 f5 ({RR} 7... d5 8. Nxd4 Bd6 9. Qf3 O-O 10. Nxc6 bxc6 11. Bxc6 Bxh2+ 12. Kxh2 Qd6+ 13. Bf4 Qxc6 14. Nc3 Bf5 15. Nxe4 dxe4 16. Qc3 Qxc3 17. bxc3 f6 18. Rab1 Rf7 19. Rb4 g5 20. Be3 Rd7 21. a3 Kf7 22. Reb1 {Almasi,Z (2650)-Varga,Z (2540) Tucepi 1996 0-1 (49)}) ({RR} 7... d5 8. Nxd4 Bc5 9. Bxc6+ bxc6 10. f3 Qh4 11. g3 Qf6 12. c3 O-O 13. fxe4 dxe4 14. Be3 Bh3 15. Qh5 Bxd4 16. Bxd4 Qf5 17. Qxf5 Bxf5 18. Nd2 Rfe8 19. Nc4 Be6 20. Ne3 f5 21. Rf1 g6 22. b3 {Belov,A (2421)-Herman,D (1927) chess.com INT 2024 1-0 (35)}) 8. Bxc6 dxc6 9. Bg5 $146 ({RR} 9. Nbd2 Bb4 10. a3 Bxd2 11. Nxd2 O-O 12. Nxe4 fxe4 13. Rxe4 Re8 14. Bg5 Qd7 15. Rxd4 Qf7 16. h3 Qg6 17. h4 h6 18. Be3 Bf5 19. c3 Kh8 20. Bf4 Bc2 21. Qf1 Re7 22. Be3 Rf8 23. Qe2 Be4 {Paramzina,A-Chetina,E Sibenik 2007 0-1 (68)}) 9... Be7 10. Bxe7 Qxe7 11. Nxd4 O-O 12. f3 Qb4 13. Nb3 Nf6 14. Nc3 b6 15. Qd3 Qd6 16. Qc4+ Nd5 17. Rad1 Bb7 18. Qd3 Rad8 19. Nd4 Bc8 20. Qc4 Bd7 21. Qxa6 Nxc3 22. bxc3 b5 23. Ne6 Qxd1 24. Rxd1 Bxe6 25. Rxd8 Rxd8 26. Qxc6 Bxa2 27. Qxb5 g6 28. Qe2 Kf7 29. Kf2 Re8 30. Qd2 Bc4 31. Qd7+ Re7 32. Qa4 Bd5 33. Qd4 Ke6 34. c4 Bc6 35. g4 Rd7 36. gxf5+ gxf5 37. Qe3+ Kd6 38. f4 Be4 39. Qa3+ Ke6 40. Qc3 c6 41. Kg3 Kf7 42. Qh8 Ke6 1/2-1/2

[Event "45th FIDE Chess Olympiad Open"]
[Site "Budapest, Hungary"]
[Date "2024.09.13"]
[Round "3.85"]
[White "Gontcharov, Serguei"]
[Black "Potter, Simon"]
[Result "1-0"]
[WhiteElo "1927"]
[BlackElo "1663"]
[PlyCount "61"]
[EventDate "2024.??.??"]
[WhiteTeam "Bermuda"]
[BlackTeam "British Virgin Islands"]
[WhiteTeamCountry "BER"]
[BlackTeamCountry "IVB"]
[WhiteClock "0:45:35"]
[BlackClock "0:50:15"]

1. e4 e5 2. Nf3 Nc6 3. d4 exd4 4. Nxd4 Nxd4 5. Qxd4 c5 6. Qd1 Nf6 7. Nc3 Be7 8. Bc4 d6 9. O-O ({RR} 9. Bf4 O-O 10. O-O Be6 11. Bxe6 fxe6 12. Bg3 Ne8 13. Qg4 Nc7 14. Rad1 Qd7 15. Be5 g6 16. Qh3 Rad8 17. Qh6 Rf7 18. Bg3 Bf8 19. Qe3 Re8 20. e5 d5 21. Ne4 d4 22. Qe2 Nd5 23. c4 Nb6 {Pritulina,N (1065)-Nirvaan,N Tornelo INT 2021 1-0 (74)}) 9... O-O 10. Re1 Ng4 $146 ({RR} 10... Be6 11. Nd5 Bxd5 12. Bxd5 Nxd5 13. Qxd5 b6 14. Bf4 Re8 15. Rad1 Rb8 16. e5 dxe5 17. Rxe5 Rc8 18. Rf5 Qxd5 19. Rfxd5 Rcd8 20. Rxd8 Bxd8 21. g3 h6 22. Rd7 a6 23. Bc7 Bxc7 24. Rxc7 Kh7 25. Rxf7 {Dabin,P (1320)-Bernard,B (1300) Cholet 2012 0-1 (32)}) 11. Bf4 Re8 12. Nd5 Bg5 13. Bxg5 Qxg5 14. Nc7 Qf4 15. Qf3 Qxh2+ 16. Kf1 Ne5 17. Bxf7+ Kh8 18. Qh5 Qxh5 19. Bxh5 Rf8 20. Nxa8 Rf6 21. Nc7 Nc4 22. b3 Na3 23. Bd1 Bd7 24. Nd5 Rh6 25. Kg1 Rg6 26. c4 Bh3 27. Nf4 Bg4 28. Nxg6+ hxg6 29. Bxg4 Nc2 30. Rad1 Nxe1 31. Rxe1 1-0

[Event "45th FIDE Chess Olympiad Open"]
[Site "Budapest, Hungary"]
[Date "2024.09.13"]
[Round "3.86"]
[White "Samuel, Jhon"]
[Black "Dacres, Don"]
[Result "1-0"]
[WhiteElo "1545"]
[BlackElo "1863"]
[PlyCount "81"]
[EventDate "2024.??.??"]
[WhiteTeam "British Virgin Islands"]
[BlackTeam "Bermuda"]
[WhiteTeamCountry "IVB"]
[BlackTeamCountry "BER"]
[WhiteClock "0:49:43"]
[BlackClock "0:47:01"]

1. f4 {ChessBase II} ({RR} 1. Nf3 d5 2. b3) 1... d5 2. Nf3 Nf6 3. e3 Bg4 4. Be2 Nbd7 5. b3 Ne4 $146 ({RR} 5... Bxf3 6. Bxf3 e5 7. fxe5 Nxe5 8. Bb2 Nxf3+ ({RR} 8... Bd6 9. Qe2 ({RR} 9. O-O c6 10. d3 Qc7) 9... c6 10. c4 dxc4 11. bxc4 Qe7 12. Nc3 Qe6 13. d3 O-O-O 14. O-O-O Rhe8 15. e4 g5 16. g3 Nxf3 17. Qxf3 Ng4 18. d4 Bb4 19. h3 Bxc3 20. Bxc3 Nh6 21. d5 Qxe4 22. Qxe4 Rxe4 23. dxc6) 9. Qxf3 Be7 10. Nc3 O-O 11. Ne2 Ne4 12. O-O-O Bf6 13. Rhf1 Bxb2+ 14. Kxb2 a5 15. Nc3 f5 ({RR} 15... Nxc3 16. dxc3 a4 17. Rxd5) 16. Nxe4 dxe4 ({RR} 16... fxe4 17. Qg3 Qe7) 17. Qe2 Qf6+ ({RR} 17... a4 18. Qc4+ Kh8 19. g4 a3+ 20. Kc1 Qf6 21. c3) 18. c3 Qa6 ({RR} 18... a4 19. Qc4+ Kh8 20. g4) 19. Qxa6 Rxa6 20. d4 {Pinson,H-Noradounguian,G Besancon 1949 EXT 2009 [ChessBase II] 1-0 (62)}) ({RR} 5... Bxf3 6. Bxf3 e5 7. fxe5 Nxe5 8. Bb2 Bd6 9. O-O O-O 10. Nc3 c6 11. Ne2 Qe7 12. Nd4 g6 13. g3 h5 14. Qe2 Rae8 15. Rae1 Nxf3+ 16. Nxf3 Ng4 17. Qd3 Qe4 18. Qd4 f6 19. Qxe4 dxe4 20. Nh4 {Melnikov,D (2348)-Swiercz,D (2507) St Petersburg 2010 0-1 (41)}) ({RR} 5... Bxf3 6. Bxf3 e5 7. fxe5 Nxe5 8. Bb2 Bd6 9. O-O c6 10. Nc3 Qc7 11. Rf2 h5 12. h3 O-O-O 13. d4 Nxf3+ 14. Qxf3 Bb4 15. Ne2 Ne4 16. Rff1 Rd7 17. Rfd1 g5 18. a3 g4 19. Qf5 Bf8 20. c4 {Musso,A (2162)-Theon,P (2089) Palermo ITA 2023 ½-½ (37)}) ({RR} 5... Bxf3 6. Bxf3 e5 7. fxe5 Nxe5 8. Bb2 Bd6 9. Qe2 c6 10. c4 dxc4 11. bxc4 Qe7 12. Nc3 Qe6 13. d3 O-O-O 14. O-O-O Rhe8 15. e4 g5 16. g3 Nxf3 17. Qxf3 Ng4 18. d4 Bb4 19. h3 Bxc3 20. Bxc3 {Kildal,H-Runge,B Zittau 1956 ½-½}) ({RR} 5... Bxf3 6. Bxf3 e5 7. fxe5 Nxe5 8. Bb2 Bd6 9. O-O O-O 10. Nc3 c6 11. Ne2 Ng6 12. Qe1 Be5 13. Bxe5 Nxe5 14. Qg3 Ng6 15. Nd4 Qb8 16. Qh3 Qc7 17. Be2 Ne4 18. d3 Nd6 19. Bh5 Ne5 20. Rf4 {Blom,K-Kolbak,J Vejle 1967 1-0}) 6. d3 Bxf3 7. Bxf3 Nef6 8. Bb2 e6 9. O-O Be7 10. Nd2 c5 11. c4 O-O 12. Qe2 Qc7 13. d4 Rfe8 14. Rac1 Qb6 15. Qf2 Rac8 16. e4 cxd4 17. Bxd4 Bc5 18. Bxc5 Qxc5 19. e5 Qxf2+ 20. Kxf2 Ne4+ 21. Nxe4 dxe4 22. Bxe4 Nc5 23. Ke3 Rcd8 24. Rfd1 Nxe4 25. Kxe4 Kf8 26. Rd6 Rxd6 27. exd6 Rd8 28. c5 Ke8 29. f5 Kd7 30. fxe6+ Kxe6 31. Kd4 Kd7 32. Re1 Re8 33. Rxe8 Kxe8 34. Kd5 Kd7 35. b4 h5 36. b5 b6 37. c6+ Kd8 38. Ke5 Kc8 39. Kf5 Kd8 40. Kg5 f6+ 41. Kxh5 1-0

[Event "45th FIDE Chess Olympiad Open"]
[Site "Budapest, Hungary"]
[Date "2024.09.13"]
[Round "3.90"]
[White "Carbonell, Nicolas"]
[Black "Alsaqer, Meshal"]
[Result "0-1"]
[WhiteElo "1798"]
[BlackElo "1815"]
[PlyCount "48"]
[EventDate "2024.??.??"]
[WhiteTeam "Burkina Faso"]
[BlackTeam "Kuwait"]
[WhiteTeamCountry "BUR"]
[BlackTeamCountry "KUW"]
[WhiteClock "1:13:06"]
[BlackClock "1:21:02"]

1. d4 d5 2. c4 e6 3. Nc3 Nf6 4. Nf3 Be7 5. Bf4 a6 6. Bg5 $146 ({RR} 6. c5 Nbd7 7. h3 Nf8 8. e3 Ng6 9. Bh2 Bd7 10. Bd3 Bc6 11. Qc2 Nd7 12. O-O O-O 13. b4 Re8 14. a4 Ndf8 15. b5 Bd7 16. Rab1 Bc8 17. a5 e5 18. Nxe5 Nxe5 19. Bxe5 Bxc5 20. Bxc7 Qxc7 {Brody,M-Rosen,L Paris 1900 1-0 (32)}) ({RR} 6. cxd5 Nxd5 7. Bd2 c5 8. dxc5 Bxc5 9. g3 Nxc3 10. Bxc3 Qb6 11. e3 Bb4 12. Bg2 O-O 13. Bxb4 Qxb4+ 14. Qd2 Qe7 15. Ne5 Nd7 16. Nc4 Nc5 17. O-O Bd7 18. Nb6 Bb5 19. Nxa8 Bxf1 20. Rxf1 Rxa8 {Eljanov,P (2693)-Miladinovic,I (2571) Banja Vrucica 2009 1-0 (31)}) ({RR} 6. c5 Nc6 7. e3 Nh5 8. Bd3 Nxf4 9. exf4 Bf6 10. Ne2 b6 11. Rc1 bxc5 12. Rxc5 Ne7 13. Qc2 c6 14. g4 g6 15. O-O Bb7 16. Ng3 Qd7 17. Ne5 Qd6 18. Re1 Bg7 19. f5 f6 20. Nxc6 e5 {Elomaa,A (1990)-Jylha Ollila,K Kajaani 2012 1-0}) ({RR} 6. cxd5 Nxd5 7. Bg3 f5 8. e3 O-O 9. Bd3 c5 10. Be5 Nc6 11. O-O Nxe5 12. dxe5 Nb4 13. Be2 Qxd1 14. Rfxd1 g5 15. Nd2 Nc6 16. f4 b5 17. Nb3 Rd8 18. Rxd8+ Nxd8 19. Rd1 Bb7 20. Na5 Rb8 {Burn,A-Mortimer,J Paris 1900 1-0 (44)}) ({RR} 6. cxd5 exd5 7. e3 c5 8. dxc5 Nc6 9. Rc1 Qa5 10. a3 O-O 11. Be2 Be6 12. O-O Qxc5 13. Nb5 Qxc1 14. Qxc1 axb5 15. Bxb5 Rfc8 16. Qd1 Ne4 17. Nd4 Nxd4 18. exd4 Nd6 19. Bxd6 Bxd6 20. f4 g6 {Bernstein,O-John,W Ostend 1906 1-0}) 6... dxc4 7. a4 O-O 8. e4 c5 9. Bxc4 cxd4 10. Nxd4 Qa5 11. O-O Qxg5 12. f4 Qc5 13. e5 Qxc4 14. Rc1 Nd5 15. Ne4 Qb4 16. Rf3 Nc6 17. Rxc6 bxc6 18. h3 c5 19. Kh2 Qxd4 20. Qe1 Bb7 21. Rg3 Nxf4 22. Rxg7+ Kxg7 23. Qg3+ Ng6 24. Qxg6+ hxg6 0-1

[Event "45th FIDE Chess Olympiad Open"]
[Site "Budapest, Hungary"]
[Date "2024.09.13"]
[Round "3.92"]
[White "Lompo, Boammani Aser"]
[Black "Alabdaljader, Mohammed"]
[Result "0-1"]
[WhiteElo "1568"]
[BlackElo "1677"]
[PlyCount "39"]
[EventDate "2024.??.??"]
[WhiteTeam "Burkina Faso"]
[BlackTeam "Kuwait"]
[WhiteTeamCountry "BUR"]
[BlackTeamCountry "KUW"]
[WhiteClock "0:31:19"]
[BlackClock "0:31:37"]

1. d4 Nf6 2. Bf4 e6 3. e3 c5 4. c3 Nc6 5. Nd2 d5 6. Ngf3 Bd6 7. Bg3 O-O 8. Bd3 b6 9. Ne5 Ne7 10. h4 ({RR} 10. Qf3 Bb7 11. Bh4 Ng6 12. Bg3 Re8 13. h3 Qc7 14. Ng4 Nd7 15. Bxd6 Qxd6 16. Bxg6 hxg6 17. Nc4 dxc4 18. Qxb7 f5 19. Ne5 Nxe5 20. dxe5 Qxe5 21. O-O-O Red8 22. Rd7 Rxd7 23. Qxd7 f4 24. Re1 Rf8 {Prie,E (2516)-Malakhatko,V (2604) Calvi 2007 0-1 (56)}) ({RR} 10. f4 Nf5 11. Bf2 Be7 12. Qc2 Nd6 13. Bh4 Nfe4 14. Bxe7 Qxe7 15. Nxe4 Nxe4 16. Bxe4 dxe4 17. Qxe4 Bb7 18. Qc2 Rfd8 19. O-O Rac8 20. Rad1 f6 21. Nf3 Qf7 22. a3 Qh5 23. e4 cxd4 24. Nxd4 e5 {Pakleza,Z (2492)-Dzida,K (2333) chess.com INT 2023 1-0 (45)}) 10... Nf5 $146 ({RR} 10... Bb7 11. Qf3 Bxe5 12. Bxe5 Nd7 13. Bd6 Re8 14. h5 Nc8 15. Bg3 e5 16. dxe5 Nxe5 17. Bxh7+ Kxh7 18. Qf5+ Kg8 19. Bxe5 f6 20. Bf4 Qe7 21. Qg6 Qf7 22. Qxf7+ Kxf7 23. Nf3 Ne7 24. O-O-O Rh8 25. Rh3 {Prie,E (2518)-Ramaswamy,A (2281) Saint Affrique 2007 1-0 (57)}) ({RR} 10... c4 11. Bc2 Nf5 12. Bf4 Bb7 13. g4 Ne7 14. Qf3 Bxe5 15. Bxe5 Nd7 16. Bg3 e5 17. dxe5 Nc5 18. Qe2 d4 19. exd4 Nd3+ 20. Bxd3 cxd3 21. Qf1 Bxh1 22. Qxh1 b5 23. Qe4 Rc8 24. Kf1 Qd5 25. Kg2 {Paehtz,E (2468)-Goryachkina,A (2491) Tbilisi 2018 1-0 (43)}) ({RR} 10... Bb7 11. h5 Ne4 12. Bxe4 dxe4 13. Ndc4 Bc7 14. dxc5 Bd5 15. cxb6 axb6 16. h6 g6 17. Na3 Nf5 18. Bh2 Qh4 19. Qg4 Qxh6 20. O-O-O Qg7 21. Nd7 Bxh2 22. Rxh2 Rfd8 23. c4 Rxa3 24. bxa3 Qa1+ 25. Kd2 {Johansson,L (2425)-Westerberg,J (2498) Vaxjo 2016 0-1 (41)}) 11. Bf4 Bc7 12. g4 Nd6 13. h5 Nfe4 14. Qc2 f5 15. gxf5 exf5 16. f3 c4 17. Bxc4 dxc4 18. fxe4 fxe4 19. Nxe4 Bf5 20. Qd1 0-1

[Event "45th FIDE Chess Olympiad Open"]
[Site "Budapest, Hungary"]
[Date "2024.09.13"]
[Round "3.93"]
[White "Senglek, Khonsavanh"]
[Black "Prudente, Elmer"]
[Result "0-1"]
[WhiteElo "1591"]
[BlackElo "1949"]
[PlyCount "155"]
[EventDate "2024.??.??"]
[WhiteTeam "Laos"]
[BlackTeam "Guam"]
[WhiteTeamCountry "LAO"]
[BlackTeamCountry "GMA"]
[WhiteClock "0:51:04"]
[BlackClock "0:08:52"]

1. e4 c5 2. a3 Nc6 3. Nf3 g6 4. Bc4 Bg7 5. Nc3 ({RR} 5. O-O e6 6. Nc3 Nge7 7. d3 d5 8. Ba2 O-O 9. Rb1 b6 10. Re1 h6 11. h3 Kh7 12. exd5 exd5 13. Ne2 a5 14. Be3 Nf5 15. Nf4 Nxe3 16. Rxe3 d4 17. Re1 Qd6 18. Qc1 Bb7 19. Ne2 Ne5 {Armanda,I (2365)-Shariyazdanov,A (2580) Solin/Spilt 2003 0-1 (32)}) ({RR} 5. c3 e6 6. Qe2 Nge7 7. e5 d5 8. exd6 Qxd6 9. O-O O-O 10. Ra2 e5 11. b4 cxb4 12. axb4 Bg4 13. h3 Bxf3 14. Qxf3 Kh8 15. b5 Nd8 16. Ba3 Qd7 17. Bc5 f5 18. Rxa7 Rxa7 19. Bxa7 e4 {Karwowski,K (2155)-Zaichenko,D (2104) chess.com INT 2024 1-0 (50)}) 5... Nf6 6. d3 d6 7. Qe2 $146 ({RR} 7. Ba2 O-O 8. h3 Rb8 9. O-O b5 10. Nd5 e6 11. Ne3 h6 12. Nh2 e5 13. Nd5 Nxd5 14. Bxd5 Ne7 15. Ba2 d5 16. Be3 d4 17. Bd2 Kh7 18. f4 f5 19. fxe5 fxe4 20. dxe4 Nc6 21. Qe2 c4 {Muath,M-Kulpruethanon,T (2111) Incheon 2013 0-1 (60)}) 7... O-O 8. h4 Bg4 9. Be3 e6 10. Qd2 d5 11. Bxc5 dxc4 12. Bxf8 Bxf8 13. Nh2 cxd3 14. f3 h5 15. fxg4 hxg4 16. Qxd3 Qb6 17. O-O-O Rc8 18. Rdf1 Be7 19. Re1 Ne5 20. Qb5 Qc7 21. Qb3 Nc4 22. e5 Nxe5 23. Nf1 Nc4 24. Kb1 Nxa3+ 25. bxa3 Qxc3 26. Qxc3 Rxc3 27. Re3 Rxe3 28. Nxe3 Bxa3 29. Rd1 Bc5 30. Rd8+ Kg7 31. Nc4 b6 32. Ra8 a5 33. Rb8 Nd5 34. Rb7 Kf6 35. Nd2 Be3 36. Nf1 Bf2 37. Kc1 g3 38. Kd2 Nf4 39. Ne3 Bxe3+ 40. Kxe3 Nxg2+ 41. Kf3 Nxh4+ 42. Kxg3 Nf5+ 43. Kf2 Nd4 44. c4 Nc6 45. Rxb6 Ne5 46. Rb5 Nxc4 47. Rc5 Nb6 48. Rxa5 Nd5 49. Kf3 Kf5 50. Kg3 g5 51. Rc5 f6 52. Ra5 Kg6 53. Ra6 e5 54. Kg4 Ne3+ 55. Kf3 Nf5 56. Kg4 Nh6+ 57. Kg3 Kf5 58. Rb6 Nf7 59. Ra6 e4 60. Rb6 Ne5 61. Ra6 e3 62. Ra3 Ke4 63. Ra4+ Kd3 64. Ra3+ Kd4 65. Ra4+ Nc4 66. Kf3 Kd3 67. Ra8 Ne5+ 68. Kg2 g4 69. Rb8 f5 70. Rb3+ Kd4 71. Kf1 f4 72. Rb8 f3 73. Rd8+ Ke4 74. Re8 Kf4 75. Rd8 e2+ 76. Kf2 g3+ 77. Ke1 Ke3 78. Ra8 0-1